বাংলা সাহিত্যে শিশু : (Record no. 58033)
[ view plain ]
| 000 -LEADER | |
|---|---|
| fixed length control field | 00867nam a2200229 a 4500 |
| 001 - CONTROL NUMBER | |
| control field | 58033 |
| 003 - CONTROL NUMBER IDENTIFIER | |
| rucl marc code | BD-RjUL |
| 005 - DATE AND TIME OF LATEST TRANSACTION | |
| control field | 20211209080559.0 |
| 008 - FIXED-LENGTH DATA ELEMENTS--GENERAL INFORMATION | |
| fixed length control field | 161215b xxu||||| |||| 00| 0 eng d |
| 020 ## - INTERNATIONAL STANDARD BOOK NUMBER | |
| International Standard Book Number | 984311442 |
| Terms of availability | : Tk. 400.00 |
| 035 ## - SYSTEM CONTROL NUMBER | |
| System control number | (BD-RjUL)58157 |
| 040 ## - CATALOGING SOURCE | |
| Original cataloging agency | BD-RjUL |
| Language of cataloging | ben |
| Transcribing agency | BD-RjUL |
| Modifying agency | BD-RjUL |
| 041 ## - LANGUAGE CODE | |
| Language code of text/sound track or separate title | ben |
| 082 ## - DEWEY DECIMAL CLASSIFICATION NUMBER | |
| Edition number | 23 |
| Classification number | 808.899282 |
| Author mark and year | BAB 2002 |
| 100 1# - MAIN ENTRY--PERSONAL NAME | |
| Personal name | বদিউজ্জামান |
| 9 (RLIN) | 172358 |
| 245 10 - TITLE STATEMENT | |
| Title | বাংলা সাহিত্যে শিশু : |
| Remainder of title | (১৯০১-২০০০) / |
| Statement of responsibility, etc. | বদিউজ্জামান |
| 260 ## - PUBLICATION, DISTRIBUTION, ETC. (IMPRINT) | |
| Place of publication, distribution, etc. | ঢাকা : |
| Name of publisher, distributor, etc. | বাংলাদেশ এশিয়াটিক সোসাইটি, |
| Date of publication, distribution, etc. | ২০০২ |
| 300 ## - PHYSICAL DESCRIPTION | |
| Pagination | ৩৭৭ পৃ ; |
| Size | ২৪ সেমি. |
| 650 ## - SUBJECT ADDED ENTRY--TOPICAL TERM | |
| Topical term or geographic name as entry element | শিশু সাহিত্য |
| 9 (RLIN) | 172359 |
| Topical term or geographic name as entry element | Children's literature |
| 9 (RLIN) | 172360 |
| 942 ## - ADDED ENTRY ELEMENTS (KOHA) | |
| Source of classification or shelving scheme | Dewey Decimal Classification |
| Koha item type | Books |
| Lost status | Source of classification or shelving scheme | Damaged status | Not for loan | Collection code | Permanent Location | Current Location | Shelving location | Date acquired | Source of acquisition | Cost, normal purchase price | Total Checkouts | Full call number | Date last seen | Date checked out | Copy number | Koha item type |
|---|---|---|---|---|---|---|---|---|---|---|---|---|---|---|---|---|
| Dewey Decimal Classification | Non-fiction | Central Library, University of Rajshahi | Central Library, University of Rajshahi | 02/02/2010 | Asiatic society of Bangladesh, Dhaka | 400.00 | 1 | B 808.899282 BAB 2002 | 19/12/2016 | 18/12/2016 | C-1 | Books |